000
00506nam a2200169Ia 4500
008
090711s9999 xx 000 0 und d
082
_b
60934
100
_a
धर्माधिकारी भाऊ
245
_a
महाअमात्य
260
_c
1967
300
_a
100
600
_a
धर्माधिकारी भाऊ
630
_a
महाअमात्य
700
_a
धर्माधिकारी भाऊ
730
_a
महाअमात्य
942
_c
BOOK
999
_c
321554
_d
321554